Online katalóg knižníc regiónu Turca

Vstupenka do pekla / (Record no. 20623)

MARC details
000 -LEADER
fixed length control field 00637nam a22002291 4500
001 - CONTROL NUMBER
control field 20623
003 - CONTROL NUMBER IDENTIFIER
control field CZ PrNK
005 - DATE AND TIME OF LATEST TRANSACTION
control field 20260127155749.0
008 - FIXED-LENGTH DATA ELEMENTS--GENERAL INFORMATION
fixed length control field 010401s1976 xo slo
040 ## - CATALOGING SOURCE
Original cataloging agency ABA001
Language of cataloging cze
Transcribing agency ABA001
Modifying agency ABA001
041 1# - LANGUAGE CODE
Language code of text/sound track or separate title slo
Language code of original rum
080 ## - UNIVERSAL DECIMAL CLASSIFICATION NUMBER
Universal Decimal Classification number 616.896(075)
Edition identifier undef
100 1# - MAIN ENTRY--PERSONAL NAME
Personal name Baboian, Dic
Relationship aut
245 10 - TITLE STATEMENT
Title Vstupenka do pekla /
Statement of responsibility, etc. Dic Baboian ; z rumun. orig. ... prel. Albert Jedlička
260 ## - PUBLICATION, DISTRIBUTION, ETC.
Place of publication, distribution, etc. Bratislava :
Name of publisher, distributor, etc. Obzor,
Date of publication, distribution, etc. 1976
300 ## - PHYSICAL DESCRIPTION
Extent 276 s. :
Other physical details il. ;
Dimensions
490 1# - SERIES STATEMENT
Series statement Periskop
765 0# - ORIGINAL LANGUAGE ENTRY
Title Pasaport pentru infern
830 #0 - SERIES ADDED ENTRY--UNIFORM TITLE
Uniform title Periskop (Obzor)
910 ## - USER-OPTION DATA (OCLC)
User-option data ABA001
942 ## - ADDED ENTRY ELEMENTS (KOHA)
Source of classification or shelving scheme Dewey Decimal Classification
Koha item type Krásna literatúra pre dospelých
Suppress in OPAC No
Holdings
Stav vyradenia Strata Poškodenie Spôsob nadobudnutia Domovská knižnica Aktuálna knižnica Dátum nadobudnutia Total checkouts Čiarový kód exemplára Date last seen Typ exemplára
      Dar Obecná knižnica Horná Štubňa Obecná knižnica Horná Štubňa 27.01.2026   4736200726 27.01.2026 Krásna literatúra pre dospelých
Projekt je podporený Slovenskou asociáciou knižníc
Prevádzkuje Turčianska knižnica Martin 2026